<?xml version="1.0" encoding="UTF-8"?>
<record
    xmlns:xsi="http://www.w3.org/2001/XMLSchema-instance"
    xsi:schemaLocation="http://www.loc.gov/MARC21/slim http://www.loc.gov/standards/marcxml/schema/MARC21slim.xsd"
    xmlns="http://www.loc.gov/MARC21/slim">

  <leader>02847cam a22003015a 4500</leader>
  <controlfield tag="001">17969619</controlfield>
  <controlfield tag="005">20170103152533.0</controlfield>
  <controlfield tag="008">131212t2014    flua   frb    001 0 eng d</controlfield>
  <datafield tag="020" ind1=" " ind2=" ">
    <subfield code="a">9781439873793 (hardback)</subfield>
  </datafield>
  <datafield tag="040" ind1=" " ind2=" ">
    <subfield code="a">DLC</subfield>
    <subfield code="b">eng</subfield>
    <subfield code="c">DLC</subfield>
    <subfield code="d">DLC</subfield>
    <subfield code="d">EG-ScBUE</subfield>
    <subfield code="d">EG-ScBUE</subfield>
  </datafield>
  <datafield tag="082" ind1="0" ind2="4">
    <subfield code="a">622.338</subfield>
    <subfield code="b">KEL</subfield>
    <subfield code="2">22</subfield>
  </datafield>
  <datafield tag="100" ind1="1" ind2=" ">
    <subfield code="a">Kelland, Malcolm A.</subfield>
    <subfield code="9">38736</subfield>
  </datafield>
  <datafield tag="245" ind1="1" ind2="0">
    <subfield code="a">Production chemicals for the oil and gas industry /</subfield>
    <subfield code="c">Malcolm A. Kelland.</subfield>
  </datafield>
  <datafield tag="250" ind1=" " ind2=" ">
    <subfield code="a">2nd ed.</subfield>
  </datafield>
  <datafield tag="260" ind1=" " ind2=" ">
    <subfield code="a">Boca Raton :</subfield>
    <subfield code="b">CRC Press / Taylor &amp; Francis Group,</subfield>
    <subfield code="c">c.2014.</subfield>
  </datafield>
  <datafield tag="300" ind1=" " ind2=" ">
    <subfield code="a">xvii, 436 p. :</subfield>
    <subfield code="b">ill. ;</subfield>
    <subfield code="c">26 cm.</subfield>
  </datafield>
  <datafield tag="500" ind1=" " ind2=" ">
    <subfield code="a">Index : p. 413-436.</subfield>
  </datafield>
  <datafield tag="504" ind1=" " ind2=" ">
    <subfield code="a">Includes bibliographical references.</subfield>
  </datafield>
  <datafield tag="520" ind1=" " ind2=" ">
    <subfield code="a">"I would like to thank those of you who bought the first edition. I hope you found it helpful. Thanks also to those who gave me feedback, nearly all of which was positive and was encouragement enough to provide you with this update. This second edition contains literature references up until mid-2013. Even though this is only 4.5 years since the first edition, a huge amount of research and field applications have taken place since then. For example, the number of references in this book has increased by almost 50%, almost none of which pre-date 2009. Other changes and trends I have observed within the development of oilfield production chemicals I have reported (M.A. Kelland, 'Production Chemicals and Their Future,' Chemistry in the Oil Industry XIII--New Frontiers, Manchester, UK, November 2013). So, apart from updating each chapter, what's new in this second edition? First, I have expanded and separated out the section on foamers for gas well deliquification and given this subject its own chapter (Chapter 19). I have also included a new chapter (Chapter 18) on hydrotesting, as requested by a number of you. In addition, I have added a section on chemical injection in Chapter 1. These new additions are undoubtedly not exhaustive, so I would welcome your feedback on these. I have also been asked to add other chapters, such as surfactant and/or polymer flooding for enhanced oil recovery, heavy oil transportation, fracturing fluids, and tracers. Owing to size constraints by the publisher and my own time constraints, I have not been able to add these other topics. Since the first edition was published, some new and useful websites have surfaced. Oilfieldwiki has become a useful Internet site to find basic information on some oilfield chemicals,"--</subfield>
  </datafield>
  <datafield tag="650" ind1=" " ind2="7">
    <subfield code="a">Green chemistry.</subfield>
    <subfield code="2">BUEsh</subfield>
    <subfield code="9">39059</subfield>
  </datafield>
  <datafield tag="650" ind1=" " ind2="7">
    <subfield code="a">Gas field chemicals.</subfield>
    <subfield code="2">BUEsh</subfield>
    <subfield code="9">39343</subfield>
  </datafield>
  <datafield tag="650" ind1=" " ind2="7">
    <subfield code="a">Oil field chemicals.</subfield>
    <subfield code="2">BUEsh</subfield>
    <subfield code="9">39341</subfield>
  </datafield>
  <datafield tag="650" ind1=" " ind2="7">
    <subfield code="a">Gas industry</subfield>
    <subfield code="x">Environmental aspects.</subfield>
    <subfield code="2">BUEsh</subfield>
    <subfield code="9">39344</subfield>
  </datafield>
  <datafield tag="650" ind1=" " ind2="7">
    <subfield code="a">Oil industries</subfield>
    <subfield code="x">Environmental aspects.</subfield>
    <subfield code="2">BUEsh</subfield>
    <subfield code="9">39342</subfield>
  </datafield>
  <datafield tag="651" ind1=" " ind2=" ">
    <subfield code="2">BUEsh</subfield>
  </datafield>
  <datafield tag="653" ind1=" " ind2=" ">
    <subfield code="b">ENGPET</subfield>
    <subfield code="c">August2015</subfield>
    <subfield code="c">November2015</subfield>
    <subfield code="c">February2016</subfield>
    <subfield code="c">January2017</subfield>
  </datafield>
  <datafield tag="942" ind1=" " ind2=" ">
    <subfield code="2">ddc</subfield>
  </datafield>
  <datafield tag="999" ind1=" " ind2=" ">
    <subfield code="c">20509</subfield>
    <subfield code="d">20481</subfield>
  </datafield>
  <datafield tag="952" ind1=" " ind2=" ">
    <subfield code="0">0</subfield>
    <subfield code="1">0</subfield>
    <subfield code="2">ddc</subfield>
    <subfield code="4">0</subfield>
    <subfield code="7">0</subfield>
    <subfield code="8">Baccah</subfield>
    <subfield code="a">MAIN</subfield>
    <subfield code="b">MAIN</subfield>
    <subfield code="c">1ST</subfield>
    <subfield code="d">2015-08-13</subfield>
    <subfield code="e">Purchase</subfield>
    <subfield code="g">846.00</subfield>
    <subfield code="h">21782</subfield>
    <subfield code="l">0</subfield>
    <subfield code="o">622.338 KEL</subfield>
    <subfield code="p">000039146</subfield>
    <subfield code="r">2025-07-15 00:00:00</subfield>
    <subfield code="v">1058.00</subfield>
    <subfield code="y">BB</subfield>
  </datafield>
  <datafield tag="952" ind1=" " ind2=" ">
    <subfield code="0">0</subfield>
    <subfield code="1">0</subfield>
    <subfield code="2">ddc</subfield>
    <subfield code="4">0</subfield>
    <subfield code="7">0</subfield>
    <subfield code="8">Academic</subfield>
    <subfield code="a">MAIN</subfield>
    <subfield code="b">MAIN</subfield>
    <subfield code="c">1ST</subfield>
    <subfield code="d">2016-02-14</subfield>
    <subfield code="e">Purchase</subfield>
    <subfield code="g">1249.00</subfield>
    <subfield code="h">4859</subfield>
    <subfield code="l">1</subfield>
    <subfield code="m">2</subfield>
    <subfield code="o">622.338 KEL</subfield>
    <subfield code="p">000031543</subfield>
    <subfield code="r">2025-07-15 00:00:00</subfield>
    <subfield code="s">2016-11-30</subfield>
    <subfield code="v">1557.50</subfield>
    <subfield code="y">BB</subfield>
  </datafield>
  <datafield tag="952" ind1=" " ind2=" ">
    <subfield code="0">0</subfield>
    <subfield code="1">0</subfield>
    <subfield code="2">ddc</subfield>
    <subfield code="4">0</subfield>
    <subfield code="7">0</subfield>
    <subfield code="8">Academic</subfield>
    <subfield code="a">MAIN</subfield>
    <subfield code="b">MAIN</subfield>
    <subfield code="c">1ST</subfield>
    <subfield code="d">2017-01-03</subfield>
    <subfield code="e">Purchase</subfield>
    <subfield code="g">1246.00</subfield>
    <subfield code="h">2000085</subfield>
    <subfield code="l">0</subfield>
    <subfield code="o">622.338 KEL</subfield>
    <subfield code="p">000040740</subfield>
    <subfield code="r">2025-07-15 00:00:00</subfield>
    <subfield code="v">1557.50</subfield>
    <subfield code="y">BB</subfield>
  </datafield>
</record>
